000 00310nam a22001337a 4500
008 170615b xxu||||| |||| 00| 0 eng d
020 _a9780521288651
041 _aeng
080 _a94(7/8)
100 _a19
101 _aSHP
245 _aBUILDING A NEW AMERICAN STATE
_cSKOWRONEK.S
942 _2udc
_cBK
999 _c17487
_d17487